书目信息 |
| 题名: |
popular writing in America
|
|
| 作者: | Roert Atwan | |
| 分册: | ||
| 出版信息: | 纽约 牛津大学出版社 1985 |
|
| 页数: | 659页 | |
| 开本: | 26cm | |
| 丛书名: | ||
| 单 册: | ||
| 中图分类: | H712.4 | |
| 科图分类: | ||
| 主题词: | 印度语支 | |
| 电子资源: | ||
| ISBN: | 0-19-503598-5 | |
| 000 | 00462nam0 2200181 450 | |
| 001 | 0755227312 | |
| 005 | 20070828152027.31 | |
| 010 | @a0-19-503598-5 | |
| 100 | @a20070828d km y0chiy0120 ea | |
| 101 | 0 | @achi |
| 200 | 1 | @apopular writing in America@fRoert Atwan |
| 210 | @a纽约@c牛津大学出版社@d1985 | |
| 215 | @a659页@d26cm | |
| 606 | 0 | @a印度语支 |
| 690 | @aH712.4@v3 | |
| 701 | 0 | @aRoert Atwan |
| 801 | 0 | @aCN@bPFT@c20070828 |
| 905 | @a213230@dH712.4@eW214@f1 | |
| popular writing in America/Roert Atwan.-纽约:牛津大学出版社,1985 |
| 659页;26cm |
| ISBN 0-19-503598-5: |
| ● |
| 相关链接 |
|
|
|
|
正题名:popular writing in America
索取号:H712.4/W214
 
预约/预借
| 序号 | 登录号 | 条形码 | 馆藏地/架位号 | 状态 | 备注 |
| 1 | 0706352 | 207063522 | 密集书库—外国语学院/ [索取号:H712.4/W214] | 在馆 |